000 00647nam a22001817a 4500
999 _c11018
_d11018
003 AR-CdUCM
008 190402b ||||| |||| 00| 0 spa d
040 _aMUNICIPALIDAD PROVINCIAL DEL CUSCO
_cBIBLIOTECA MUNICIPAL DEL CUSCO
082 _aEP / 572.9 /
_bM93
245 _aEl mundo y el Hombre /
260 _aBilbao :
_bEdit. Fher
_c1961.
300 _a62 paginas ;
_bIlustraciones,
_c33 cm.
505 _aContenido :Las razas y el mundo --Las tierras lusitanas --Tipos y costumbres --La tierra del sol --Tipos regionales ...
650 _aRazas humanas
_927977
650 _aEducación primaria
_91561
942 _2ddc
_cLIBROS
945 _arjall